00762cam a2200241 a 4500999001500000001000600015003000900021005001700030008004100047020001500088040002800103082001800131100001900149245002700168260005000195300002900245504003900274600003900313650002000352650002000372942001200392952011600404 c3705d370517521BD-DhUAP20200311112145.0200311s2003 ii b 000 0 eng d a8176494283 aUKMcUKMdBD-DhUAPbEng00223a821.7 CAL aCalder, Angus.14aByron /cAngus Calder. aNew Delhi :bViva books private ltd.,cc2003. aviii, 97 pages ;c20 cm. aIncludes bibliography and indexes. aByron, George Gordon Byron, Baron. aEnglish poetry. aPoets, English. 2ddccBK 00102ddc4070aUAPCLbUAPCLcGeneral Stacksd2020-03-11o821.7 CALp3010017821r2020-03-11t1w2020-03-11yBK